000 00275nam a2200133 i 4500
001 bg
100 1 _aOUEN, G.
245 0 _aTeoria igr. /
_cG.Ouen.
260 _aMoskva 1971.
040 _cBPK
041 _apol
942 _cKS
008 s pl f |000 0 pol
999 _c14054
_d14054
856 _uhttp://koha.tu.koszalin.pl/cgi-bin/koha/opac-detail.pl?biblionumber=14054
_yKatalog online BPK